| 000 | 00356pab a2200145 454500 | ||
|---|---|---|---|
| 008 | 180718b2000 xxu||||| |||| 00| 0 eng d | ||
| 100 | _aDixit, J.N. | ||
| 245 | _aNon-Resident Indian: dealing with Bhartiyas abroad | ||
| 260 | _c2000 | ||
| 300 | _ap.8 | ||
| 362 | _a18 Sept | ||
| 650 | _aNonresident Indians | ||
| 773 | _aIndian Express | ||
| 909 | _a47154 | ||
| 999 |
_c47154 _d47154 |
||